000 01065nam a2200289 a 4500
001 49584
003 BD-RjUL
005 20211209054710.0
008 160821s1981 nyu ba 000 0 eng
035 _a(BD-RjUL)49703
040 _aDLC
_cDLC
_dBD-RjUL
_beng
041 _aeng
082 0 0 _a362.20425
_223
_bPRI 1981
245 0 0 _aPrimary prevention in mental health and social work :
_ba sourcebook of curriculum and teaching materials /
_cMilton Nobel
260 _aNew York (111 Eighth Ave., New York 10011) :
_bCouncil on Social Work Education,
_cc1981
300 _axii, 114 p. ;
_c28 cm.
504 _aBibliography: p. [79]-114.
650 0 _aMental illness
_xPrevention.
_9148694
650 0 _aMental illness
_xPrevention
_xAbstracts.
_9148695
650 0 _aMental health services.
_9148696
650 0 _aMental health services
_xAbstracts.
_9148697
650 0 _aPsychiatric social work.
_9148698
650 0 _aSocial work education.
_9148699
700 1 _aNobel, Milton.
_9148700
710 2 _aCouncil on Social Work Education.
_9148701
942 _2ddc
_cBK
999 _c49584
_d49584